Development of indicators for monitoring progress towards health for all by the year 2000. (Record no. 2789)

000 -LEADER
fixed length control field 00813nam a220025301 4500
003 - CONTROL NUMBER IDENTIFIER
control field OCoLC
005 - DATE AND TIME OF LATEST TRANSACTION
control field 20210721074740.0
008 - FIXED-LENGTH DATA ELEMENTS--GENERAL INFORMATION
fixed length control field 000000u19810000sz u 033 uuengul
020 ## - INTERNATIONAL STANDARD BOOK NUMBER
International Standard Book Number 9241800046
040 ## - CATALOGING SOURCE
Transcribing agency ALUPE UNIVERSITY
050 ## - LIBRARY OF CONGRESS CALL NUMBER
Classification number RA407
Item number .D48 1981
090 0# - LOCALLY ASSIGNED LC-TYPE CALL NUMBER (OCLC); LOCAL CALL NUMBER (RLIN)
Classification number (OCLC) (R) ; Classification number, CALL (RLIN) (NR) RA407 .D48 1981
245 00 - TITLE STATEMENT
Title Development of indicators for monitoring progress towards health for all by the year 2000.
260 ## - PUBLICATION, DISTRIBUTION, ETC.
Place of publication, distribution, etc. Geneva :
Name of publisher, distributor, etc. World Health Organization ;
Place of publication, distribution, etc. [Albany, N.Y. :
Name of publisher, distributor, etc. WHO Publications Centre USA, distributor],
Date of publication, distribution, etc. 1981.
300 ## - PHYSICAL DESCRIPTION
Extent 91 p. ; 24 cm.
440 ## - SERIES STATEMENT/ADDED ENTRY--TITLE
Title Health for all series
500 ## - GENERAL NOTE
General note Includes bibliographical references.
650 #0 - SUBJECT ADDED ENTRY--TOPICAL TERM
Topical term or geographic name entry element Health status indicators.
710 2# - ADDED ENTRY--CORPORATE NAME
Corporate name or jurisdiction name as entry element World Health Organization.
830 #0 - SERIES ADDED ENTRY--UNIFORM TITLE
Volume/sequential designation no. 4.
907 ## - LOCAL DATA ELEMENT G, LDG (RLIN)
a .b15710671
942 ## - ADDED ENTRY ELEMENTS (KOHA)
Source of classification or shelving scheme
Koha item type Book
Suppress in OPAC SO
Holdings
Withdrawn status Lost status Source of classification or shelving scheme Damaged status Not for loan Permanent Location Current Location Shelving location Date acquired Source of acquisition Total Checkouts Full call number Barcode Date last seen Price effective from Koha item type Public note
          AU LIBRARY AU LIBRARY Open Shelf 21.07.2021 DONATION FROM MOI UNIVERSITY   RA407 .D48 1981 28002139 21.07.2021 21.07.2021 Book SO

Powered by Koha